<?xml version="1.0" encoding="UTF-8"?>
<collection xmlns="http://www.loc.gov/MARC21/slim">
  <record>
    <leader>00000nam  2200000   4500</leader>
    <controlfield tag="001">INLIS000000000017199</controlfield>
    <controlfield tag="005">20240930115125</controlfield>
    <datafield tag="035" ind1="#" ind2="#">
      <subfield code="a">0010-0624000102</subfield>
    </datafield>
    <controlfield tag="007">ta</controlfield>
    <controlfield tag="008">240930################|##########|#|##</controlfield>
    <datafield tag="084" ind1="#" ind2="#">
      <subfield code="a">R 055 PIM I 2023</subfield>
    </datafield>
    <datafield tag="100" ind1=" " ind2="#">
      <subfield code="a">Didik Sudaryanto</subfield>
    </datafield>
    <datafield tag="245" ind1="1" ind2="#">
      <subfield code="a">Kolaborasi Pengawasan Koperasi Simpan Pinjam (KSP) Secara Terpadu Guna Mendukung Investasi dalam Masyarakat /</subfield>
      <subfield code="c">Didik Sudaryanto</subfield>
    </datafield>
    <datafield tag="260" ind1="#" ind2="#">
      <subfield code="a">Jakarta :</subfield>
      <subfield code="b">Pusbangkom Pimnas dan Manajerial ASN,</subfield>
      <subfield code="c">2023</subfield>
    </datafield>
    <datafield tag="300" ind1="#" ind2="#">
      <subfield code="a">64 halaman ;</subfield>
      <subfield code="c">30 cm</subfield>
    </datafield>
    <datafield tag="650" ind1="#" ind2="4">
      <subfield code="a">Pengawasan Koperasi</subfield>
    </datafield>
    <datafield tag="520" ind1="#" ind2="#">
      <subfield code="a">Badan Reserse Kriminal (Bareskrim) Polri mempunyai tugas yang berkaitan dengan penanganan tindak pidana terkait bidangf industri keuangan non bank, termasuk kejahatan oleh Koperasi Simpan Pinjam (KSP)/ Tugas yang diemban oleh Bareskrim tersebut harus menjadi perhatian yang lebih besar dikarenakan penanganan KSP bermasalah baru dilakukan pada konsisi yang sudah relatif terlambat, yaitu kondisi ketika telah terjadi kerugian kepada masyarakat. Aspek pencegahan KSP agar tidak merugikan masyarakat melalui pengawasan belum optimal dikarenakan secara kolaboratif.</subfield>
    </datafield>
    <datafield tag="600" ind1="#" ind2="4">
      <subfield code="a">Kripto</subfield>
    </datafield>
    <datafield tag="856" ind1="#" ind2="#">
      <subfield code="a">Perpustakaan LAN Pusat</subfield>
    </datafield>
    <datafield tag="990" ind1="#" ind2="#">
      <subfield code="a">24.06.055</subfield>
    </datafield>
  </record>
</collection>
